000 00620nam a2200241 a 4500
003 AR-BaBNM
005 20251128210750.0
008 082120s2002 ||||||||||||||000 | spa||
020 _a2-253-02010-9
040 _cAR-BaBNM
100 1 _aLanzmann, Jacques
245 0 0 _aLa glace est rompue ;
_bCuir de Russie
260 _aParis
_bEditions Robert Laffont
_c1977
300 _a219 p.
490 0 _aLe livre de poche
650 4 _aLITERATURA FRANCESA
650 4 _aLITERATURA CONTEMPORANEA
653 _aNARRATIVA
653 _aLITERATURA DE VIAJES
655 _aLITERATURA
942 _cBK
998 _cMARTIN
999 _c16804
_d16804